Sports Quiz

Random Sports or MLB Quiz

Yankees Retired Numbers Picture Click Quiz Stats

Quiz not verified by Sporcle

Challenge
Share
Tweet
Score 0/21 Timer 05:00
0 Plays Today
% Correct
Babe Ruth
93.5%
Lou Gehrig
87.9%
Mickey Mantle
86.9%
Mariano Rivera
85.9%
Joe DiMaggio
85.4%
Bill Dickey & Yogi Berra
85.4%
Billy Martin
83.9%
Roger Maris
81.4%
Reggie Jackson
78.4%
Joe Torre
77.4%
Jorge Posada
75.9%
% Correct
Bernie Williams
71.4%
Phil Rizzuto
70.9%
Thurman Munson
70.9%
Don Mattingly
69.8%
Andy Pettitte
64.8%
Ron Guidry
64.8%
Whitey Ford
59.8%
Casey Stengel
58.3%
Elston Howard
55.8%
Derek Jeter
33.2%

You're not logged in!

Compare scores with friends on all Sporcle quizzes.
Sign Up with Email
OR
Log In

You Might Also Like...

Show Comments

Extras

Top Quizzes Today


Score Distribution

Your Account Isn't Verified!

In order to create a playlist on Sporcle, you need to verify the email address you used during registration. Go to your Sporcle Settings to finish the process.

Report this User

Report this user for behavior that violates our Community Guidelines.

Details: